01854nam a2200205 a 4500003000900000005001700009007000300026008004100029020001800070040002500088082001000113100003100123245015600154260004200310300003700352500005000389500005800439505110700497700004401604DO-SdBNP20211006115023.0ta211005e2015 dr ad||fr|||| 00| edspa d a9789945888911 aDO-SdBNPbspacBNPHU bR457e1 aReyes Henríquez, Luis T.00aEvaluación económica del sistema dominicano de seguridad social, 2001-2015 / bLuis T. Reyes Henríquez; prólogo de Raúl E. Hernández Báez aSanto Domingo :bCipriano, SRL,c2019 a269 p. :bil., gráf. ;c23 cm. aIncluye biografía del autor en las solapas. aIncluye bibliografía y notas al pié de páginas.0 aPrólogo.gTítulo 1.tEvasión Contributiva.--gTítulo 2.tLa informalidad y el Sistema Dominicano de Seguro.--gTítulo 3.tDeterminantes a la cotización del sistema de ahorro Previsional Dominicano: un enfoque econométrico (I).--gTítulo 4.tDeterminantes a la cotización del sistema de salud dominicano: un enfoque econométrico (II).--gTítulo 6.tFondo Nacional de Atención Médica por Accidentes de Tránsito: Contexto, Análisis y Equilibrio Financiero.--gTítulo 7.tBonos de Reconocimiento Perspectiva Fiscal del Sistema Previsional Dominicano.--gTítulo 8.tFondos de Pensiones Dominicanos: Revisión Regulatoria de Intervenciones y Determinación de Frontera Eficiente de Portafolio.--gTítulo 9tDéficit Operacional del Sistema de Reparto: Perspectiva Fiscal del sistema Previsional Dominicano (III).--gTítulo 10.tImpacto de los cargos por Comisiones en los Fondos de Pensiones Dominicanos.--gTítulo 11.tPensión mínima Perspectiva Fiscal del Sistema Previsional Dominicano (III).--gTítulo 12.tImpacto Macroeconó de los Fondos de Pensiones.1 aHernández Báez, Raúl E.,epról.